|
|
|
|
| LEADER |
00000naa2a2200000 4500 |
| 001 |
613833 |
| 005 |
20231101132758.0 |
| 035 |
|
|
|a (RuTPU)RU\TPU\conf\11990
|
| 035 |
|
|
|a RU\TPU\conf\11986
|
| 090 |
|
|
|a 613833
|
| 100 |
|
|
|a 20150901d2014 k y0rusy50 ca
|
| 101 |
0 |
|
|a rus
|
| 102 |
|
|
|a RU
|
| 105 |
|
|
|a y z 100zy
|
| 135 |
|
|
|a drgn ---uucaa
|
| 181 |
|
0 |
|a i
|
| 182 |
|
0 |
|a b
|
| 200 |
1 |
|
|a Зажигание органических взрывчатых веществ лазерным импульсом
|f В. А. Долгачев, А. В. Ханефт
|
| 203 |
|
|
|a Текст
|c электронный
|
| 215 |
|
|
|a 1 файл (414 Кб)
|
| 230 |
|
|
|a Электронные текстовые данные (1 файл : 414 Кб)
|
| 300 |
|
|
|a Заглавие с экрана
|
| 320 |
|
|
|a [Библиогр.: с. 156-157 (20 назв.)]
|
| 337 |
|
|
|a Adobe Reader
|
| 463 |
|
1 |
|0 (RuTPU)RU\TPU\conf\11903
|t Теплофизические основы энергетических технологий
|o сборник статей V Всероссийской научной конференции с международным участием, 15-17 октября 2014 г., г. Томск
|f Национальный исследовательский Томский политехнический университет (ТПУ), Энергетический институт (ЭНИН) ; под ред. Г. В. Кузнецова [и др.]
|v [С. 151-157]
|d 2014
|
| 610 |
1 |
|
|a электронный ресурс
|
| 610 |
1 |
|
|a труды учёных ТПУ
|
| 610 |
1 |
|
|a зажигание
|
| 610 |
1 |
|
|a органические вещества
|
| 610 |
1 |
|
|a взрывчатые вещества
|
| 610 |
1 |
|
|a лазерные импульсы
|
| 700 |
|
1 |
|a Долгачев
|b В. А.
|
| 701 |
|
1 |
|a Ханефт
|b А. В.
|c специалист в области теплоэнергетики
|c ведущий инженер Томского политехнического университета, доктор физико-математических наук
|f 1949-
|g Александр Вилливич
|2 stltpush
|3 (RuTPU)RU\TPU\pers\35075
|
| 712 |
0 |
2 |
|a Национальный исследовательский Томский политехнический университет (ТПУ)
|b Энергетический институт (ЭНИН)
|b Лаборатория моделирования процессов тепломассопереноса (ЛМПТ)
|h 6996
|2 stltpush
|3 (RuTPU)RU\TPU\col\19906
|
| 801 |
|
1 |
|a RU
|b 63413507
|c 20101016
|
| 801 |
|
2 |
|a RU
|b 63413507
|c 20210317
|g RCR
|
| 856 |
4 |
|
|u http://earchive.tpu.ru/handle/11683/23318
|
| 856 |
4 |
|
|u http://www.lib.tpu.ru/fulltext/c/2014/C02/033.pdf
|
| 942 |
|
|
|c BK
|